MyGZULibrary

An introduction to the rock-forming minerals (Record no. 982)

MARC details
000 -LEADER
fixed length control field 00914pam a22002891 4500
001 - CONTROL NUMBER
control field 3141538
003 - CONTROL NUMBER IDENTIFIER
control field GZU
005 - DATE AND TIME OF LATEST TRANSACTION
control field 20200918091550.0
008 - FIXED-LENGTH DATA ELEMENTS--GENERAL INFORMATION
fixed length control field 730725t19731966nyu b 001 0 eng
010 ## - LIBRARY OF CONGRESS CONTROL NUMBER
LC control number 73012696
020 ## - INTERNATIONAL STANDARD BOOK NUMBER
International Standard Book Number 0582300940
040 ## - CATALOGING SOURCE
Original cataloging agency DLC
Transcribing agency DLC
Modifying agency DLC
050 10 - LIBRARY OF CONGRESS CALL NUMBER
Classification number GB 400
Item number DEE 1966
082 00 - DEWEY DECIMAL CLASSIFICATION NUMBER
Classification number 549.6
100 1# - MAIN ENTRY--PERSONAL NAME
Personal name Deer, W. A.
Fuller form of name (William Alexander)
245 13 - TITLE STATEMENT
Title An introduction to the rock-forming minerals
Statement of responsibility, etc. [by] W. A. Deer, R. A. Howie [and] J. Zussman.
260 ## - PUBLICATION, DISTRIBUTION, ETC.
Place of publication, distribution, etc. New York,
Name of publisher, distributor, etc. Wiley
Date of publication, distribution, etc. [1973, c1966]
300 ## - PHYSICAL DESCRIPTION
Extent 696p.
500 ## - GENERAL NOTE
General note Cataloging based on CIP information.
500 ## - GENERAL NOTE
General note "A Halsted Press book."
504 ## - BIBLIOGRAPHY, ETC. NOTE
Bibliography, etc. note Includes bibliographies.
650 #0 - SUBJECT ADDED ENTRY--TOPICAL TERM
Topical term or geographic name entry element Rock-forming minerals.
700 1# - ADDED ENTRY--PERSONAL NAME
Personal name Howie, R. A.
Fuller form of name (Robert Andrew),
Relator term joint author.
700 1# - ADDED ENTRY--PERSONAL NAME
Personal name Zussman, J.,
Relator term joint author.
906 ## - LOCAL DATA ELEMENT F, LDF (RLIN)
a 7
b cbc
c orignew
d 1
e ocip
f 19
g y-gencatlg
942 ## - ADDED ENTRY ELEMENTS (KOHA)
Source of classification or shelving scheme Library of Congress Classification
Koha item type Books
Classification part 400
Item part DEE
Call number prefix 1966
Holdings
Withdrawn status Lost status Damaged status Not for loan Collection code Home library Current library Shelving location Date acquired Total Checkouts Full call number Barcode Date last seen Copy number Price effective from Koha item type
        Non-fiction City Campus Library City Campus Library General Stacks 09/18/2020   GB 400 DEE 1966 B017299 09/18/2020 c.1 09/18/2020 Books